Field linguistics: a guide to linguistic field work
Uloženo v:
| Hlavní autor: | |
|---|---|
| Médium: | Kniha |
| Jazyk: | angličtina |
| Vydáno: |
Nueva York
Reinhart and Winston
1967
|
| Témata: | |
| Tagy: |
Přidat tag
Žádné tagy, Buďte první, kdo vytvoří štítek k tomuto záznamu!
|
MARC
| LEADER | 00000nam a2200000 a 4500 | ||
|---|---|---|---|
| 001 | UCI0259 | ||
| 003 | CL-VaPUC | ||
| 008 | 070504e19670000US |||||||||||||||||eng|d | ||
| 082 | 0 | 4 | |a 410 |b SAM |2 21 |
| 100 | 0 | |a Samarin, William J |e author |9 520405 | |
| 245 | 1 | 0 | |a Field linguistics: a guide to linguistic field work |
| 300 | |a 246 p | ||
| 942 | |c BK | ||
| 945 | |d 20070504 00:00:00 |a jtorresc | ||
| 260 | |a Nueva York |b Reinhart and Winston |c 1967 | ||
| 650 | 0 | |a Lingüística |9 265068 | |
| 650 | 7 | |a TEORIA LINGUISTICA |2 CL-VaPUC |9 334835 | |
| 650 | 7 | |a LINGUISTICA DESCRIPTIVA |2 CL-VaPUC |9 520406 | |
| 583 | |a last modification |c 20130304 04:41:39 |k Rodrigo Vera | ||
| 999 | |c 325497 |d 325495 | ||
| 952 | |0 0 |1 0 |4 0 |6 410_000000000000000_SAM_1967 |7 0 |8 A |9 406474 |a FDOPOS |b FDOPOS |d 2019-11-22 |i 4274202 |o 410 SAM 1967 |p 4274202 |r 2025-01-22 |w 2019-11-22 |y BK |k MLA | ||